<?xml version="1.0" encoding="UTF-8"?>
<record
    xmlns:xsi="http://www.w3.org/2001/XMLSchema-instance"
    xsi:schemaLocation="http://www.loc.gov/MARC21/slim http://www.loc.gov/standards/marcxml/schema/MARC21slim.xsd"
    xmlns="http://www.loc.gov/MARC21/slim">

  <leader>01869nam a22002057a 4500</leader>
  <controlfield tag="005">20220411160020.0</controlfield>
  <controlfield tag="008">220314b           ||||| |||| 00| 0 eng d</controlfield>
  <datafield tag="020" ind1=" " ind2=" ">
    <subfield code="a">9789390455317</subfield>
  </datafield>
  <datafield tag="040" ind1=" " ind2=" ">
    <subfield code="c">AL</subfield>
  </datafield>
  <datafield tag="041" ind1=" " ind2=" ">
    <subfield code="a">eng</subfield>
  </datafield>
  <datafield tag="082" ind1=" " ind2=" ">
    <subfield code="2">23</subfield>
    <subfield code="a">620.11</subfield>
    <subfield code="b">KUMM</subfield>
  </datafield>
  <datafield tag="100" ind1=" " ind2=" ">
    <subfield code="a">H D Kumar</subfield>
    <subfield code="9">23571</subfield>
  </datafield>
  <datafield tag="245" ind1=" " ind2=" ">
    <subfield code="a">Material science</subfield>
    <subfield code="b">Nanotechnology and applications</subfield>
  </datafield>
  <datafield tag="260" ind1=" " ind2=" ">
    <subfield code="a">New Delhi</subfield>
    <subfield code="b">I K International Pvt Ltd.</subfield>
    <subfield code="c">2020</subfield>
  </datafield>
  <datafield tag="300" ind1=" " ind2=" ">
    <subfield code="a">xviii,373p.</subfield>
    <subfield code="b">HB</subfield>
    <subfield code="c">24x17cm.</subfield>
  </datafield>
  <datafield tag="365" ind1=" " ind2=" ">
    <subfield code="2">General</subfield>
    <subfield code="a">6286</subfield>
    <subfield code="b">&#x20B9;956.00</subfield>
    <subfield code="c">&#x20B9;</subfield>
    <subfield code="d">&#x20B9;1195.00</subfield>
    <subfield code="e">20%</subfield>
    <subfield code="f">7-03-2022</subfield>
  </datafield>
  <datafield tag="520" ind1=" " ind2=" ">
    <subfield code="a">Prompted by the substantial impact of nanoscience and nanotechnology on the diverse materials, metals and minerals being used by over six billion people on the disturbingly overcrowding, increasingly mobile and energy guzzling planet, the author has attempted to produce a readable and comprehensive outline of the physics, chemistry, biology and engineering dimensions and processes relating to the exploitation of various kinds of materials, nanomaterials and nanoparticles, with special reference to carbon-based and silicon-based materials. The study introduces the reader to novel, superfunctional and composite materials, metamaterials, electronics, electrets, carbon nanotubes, nanowires, molecular transistors, and graphene currently attracting research focus. Besides its overall utility for all scientists and engineers, the monograph would serve as a supplementary textbook for advanced courses in several areas of engineering, physics, chemistry, nanotechnology, pharmaceutical biotechnology and biomedicine in traditional universities, engineering colleges, institutes of technology and medical colleges. It is supported by the most up-to-date literature citations, of direct interest to researchers on materials science and nanotechnology.</subfield>
  </datafield>
  <datafield tag="650" ind1=" " ind2=" ">
    <subfield code="2">Mechanical Engineering</subfield>
    <subfield code="a">Engineering</subfield>
    <subfield code="9">23572</subfield>
  </datafield>
  <datafield tag="942" ind1=" " ind2=" ">
    <subfield code="2">ddc</subfield>
    <subfield code="c">BK</subfield>
  </datafield>
  <datafield tag="999" ind1=" " ind2=" ">
    <subfield code="c">221859</subfield>
    <subfield code="d">221859</subfield>
  </datafield>
  <datafield tag="952" ind1=" " ind2=" ">
    <subfield code="0">0</subfield>
    <subfield code="1">0</subfield>
    <subfield code="2">ddc</subfield>
    <subfield code="4">0</subfield>
    <subfield code="7">0</subfield>
    <subfield code="8">PHY</subfield>
    <subfield code="a">SACPG</subfield>
    <subfield code="b">SACPG</subfield>
    <subfield code="d">2022-03-09</subfield>
    <subfield code="e">Biblios Book Point</subfield>
    <subfield code="g">956.00</subfield>
    <subfield code="l">1</subfield>
    <subfield code="o">620.11 KUMM</subfield>
    <subfield code="p">PG023766</subfield>
    <subfield code="r">2023-05-30 00:00:00</subfield>
    <subfield code="s">2023-05-17</subfield>
    <subfield code="v">1195.00</subfield>
    <subfield code="w">2022-03-07</subfield>
    <subfield code="y">BK</subfield>
  </datafield>
</record>
